Sociálno-ekonomická dimenzia učiacej sa organizácie diplomová práca

Guardado en:
Detalles Bibliográficos
Autor principal: Rieglerová, Miroslava
Autor Corporativo: Národohospodárska fakulta EU. Katedra sociálneho rozvoja a práce
Otros Autores: Antalová, Mária, 1952-
Formato: Libro
Lenguaje:eslovaco
Publicado: Bratislava 2009
Etiquetas: Agregar Etiqueta
Sin Etiquetas, Sea el primero en etiquetar este registro!

MARC

LEADER 00000nam$a2200000$$$4500
001 0105117
005 20240318140532.4
041 0 |a slo 
044 |a SK 
245 1 0 |a Sociálno-ekonomická dimenzia učiacej sa organizácie  |b diplomová práca  |c Miroslava Rieglerová ; škol. Mária Antalová 
264 1 |a Bratislava  |c 2009 
300 |a 89 s. 
100 1 |a Rieglerová, Miroslava 
700 1 |a Antalová, Mária, 1952- 
710 2 |a Národohospodárska fakulta EU. Katedra sociálneho rozvoja a práce